[Event "BCF-ch 89th"]
[Site "Torquay"]
[Date "2002.08.07"]
[Round "9"]
[White "Ramesh, Ramachandran B"]
[Black "Kunte, Abhijit"]
[Result "1-0"]
[WhiteElo "2456"]
[BlackElo "2477"]
[Annotator "Ribli,Z"]
[PlyCount "51"]
[EventDate "2002.07.29"]
[EventType "swiss"]
[EventRounds "11"]
[EventCountry "ENG"]
[SourceTitle "CBM 091"]
[Source "ChessBase"]
[SourceDate "2002.11.12"]
[SourceVersion "1"]
[SourceVersionDate "2002.11.12"]
[SourceQuality "1"]

1. e4 c5 2. Nf3 e6 3. d4 cxd4 4. Nxd4 Nc6 5. Nc3 Qc7 6. Be3 a6 7. Qd2 {Diese
Variante ist sehr populär in der letzten Zeit: Weiß möchte mit 8.0-0-0 und
späterem f3-g4 eine starke Angriffsstellung aufbauen.} Nf6 8. O-O-O Ng4 $6 {
Auf den ersten Blick ist dieser Springerzug logisch, aber Schwarz muss
stattdessen seine Entwicklung fortsetzen.} (8... b5) (8... Bb4) 9. Bf4 {
Dieser Läuferzug ist viel stärker als die Alternative 9.Bg5.} (9. Bg5 Nxd4 10.
Qxd4 f6 (10... Qc5 {[%cal Gc5d4,Gc5g5]}) 11. Bh4 Bc5 12. Qd2 b5 13. h3 Ne5 14.
f4 Ng6 15. Bg3 O-O 16. Bd3 Bb7 17. Ne2 Ne7 18. Bh2 Rac8 19. g4 d5 {1-0 Popovic,
M-Poluljahov,A/Cetinje 1996/EXT 2000 (33)}) 9... Nge5 (9... e5 10. Nd5 (10.
Nxc6 dxc6 11. Bg3 Be6 12. h3 Nf6 13. Qg5 Nd7 14. Be2 h6 15. Qd2 O-O-O 16. Kb1
Bb4 17. Nd5 Bxd2 18. Nxc7 Kxc7 19. Rxd2 f6 {1/2-1/2 Erdogdu,M-Ataman,A/Antalya
TUR 2002/ (29)}) 10... Qb8 11. h3 $1 $16) 10. Bg3 $14 {[%cal Gf2f4] Jetzt
droht 11.f4 - der schwarze Springer hat schon viele Tempi verloren und steht
nicht gut auf e5.} Nxd4 11. Qxd4 f6 (11... d6 12. Bxe5 dxe5 13. Qa4+ Ke7 (13...
Bd7 14. Rxd7 Qxd7 15. Bb5 $18) 14. Nb5 $40) 12. f4 Bc5 13. Qd2 Nf7 14. f5 {
Weiß hat einfaches Spiel, während Schwarz schwierige Probleme mit der
Entwicklung hat.} (14. e5 f5 15. Bf2 Bxf2 16. Qxf2 b5 17. Rg1 Qa7 18. Qxa7 Rxa7
$11) 14... Qc6 (14... Ne5) 15. e5 $5 {Weiß opfert einen Bauern, um Linien zu
öffnen.} (15. Bd3 O-O) 15... fxe5 (15... Nxe5 16. fxe6 Qxe6 17. Nd5 {[%cal
Rd5c7,Rc7e8,Rc7e6,Rc7a8]} Qc6 18. Bxe5 fxe5 19. Bc4 $16 {[%csl Re8][%cal Gc4g8]
}) 16. fxe6 dxe6 $6 (16... Qxe6 17. Nd5 O-O 18. Bc4 {[%cal Gc4g8]} (18. Nc7 $2
Qxa2) 18... Qg4 19. Bb3 $44) 17. Bd3 $44 {[%csl Rc8,Ye4] Weiß hat starkes
Figurenspiel und kontrolliert e4. Der c8B hat keine guten Felder.} Bd4 (17...
O-O) (17... Bb4) 18. Rhe1 (18. Ne4 $2 Qb6 $19 {[%cal Rd4e3,Re3c1,Rb6b2,Rb2c1]})
18... Bxc3 (18... O-O 19. Ne4 $36) 19. bxc3 {Weiß hat auch seinen Doppelbauern,
aber sein König steht in Sicherheit.} Bd7 $6 {Nach meiner Meinung wäre es
besser zuerst zu rochieren.} (19... O-O $5) 20. Re4 Rc8 (20... O-O) 21. Rg4 O-O
(21... g6 $5) 22. Bh4 $1 {[%cal Rh4f6,Rf6g7][%mdl 2048]} (22. Be4 Qc5 23. Qxd7
Rfd8 $19) 22... Kh8 23. Qe2 $16 (23. Be4 $5) 23... e4 $2 {Ein Fehler, aber die
schwarze Stellung war schon schwer zu spielen.} (23... Nh6 $2 24. Rxg7 $1 Kxg7
25. Qxe5+ Kf7 (25... Kg8 26. Qg5+ Kh8 (26... Kf7 27. Qe7+ Kg8 28. Qxh7#) 27.
Qxh6 Rf7 28. Bf6+ Kg8 29. Bxh7+ Rxh7 30. Qg6+ Kf8 31. Qxh7 $18) 26. Bxh7 Ke8
27. Bg6+ Nf7 28. Qf6 Qc5 29. Rf1 $18) (23... h6 $2 24. Rxg7 $1 Kxg7 25. Qg4+
Ng5 26. Bxg5 hxg5 27. Qxg5+ $18) (23... Rg8 24. Rc4 Qd5 25. Rxc8 Bxc8 (25...
Rxc8 26. Qh5 e4 (26... Nh6 27. Bf6 $18) 27. Qxf7 Qxa2 28. Bf6 gxf6 29. Qxf6+
Kg8 30. Bc4 $18) 26. Bg6 hxg6 27. Rxd5 exd5 28. Qd3 $16) {[#]} 24. Rxg7 $1 $18
{[%mdl 64] Dieses schoene Turmopfer entscheidet die Partie.} exd3 (24... Kxg7
25. Qg4+ Ng5 (25... Kh8 26. Bf6#) (25... Kh6 26. Bf6 Rg8 27. Qh4+ Kg6 28. Rf1
$1 exd3 29. Qg4+ Kh6 (29... Ng5 30. Qxg5+ $18) 30. Bg7+ Rxg7 31. Qh4+ Kg6 32.
Rf6#)) 25. Bf6 $1 Qxc3 26. Rg8+ $1 (26. Rg8+ Kxg8 27. Qg4+ $18) 1-0

[Event "Athens Acropolis"]
[Site "Athens"]
[Date "2004.11.21"]
[Round "6"]
[White "Kotronias, Vasilios"]
[Black "Shavtvaladze, Nikoloz"]
[Result "1-0"]
[WhiteElo "2599"]
[BlackElo "2430"]
[Annotator "Ribli,Z"]
[PlyCount "45"]
[EventDate "2004.11.16"]
[EventType "tourn"]
[EventRounds "9"]
[EventCountry "GRE"]
[EventCategory "10"]
[SourceTitle "CBM 105"]
[Source "ChessBase"]
[SourceDate "2005.04.11"]
[SourceVersion "1"]
[SourceVersionDate "2005.04.11"]
[SourceQuality "1"]

1. e4 c5 2. Nf3 e6 3. d4 cxd4 4. Nxd4 a6 5. Nc3 Qc7 6. Bd3 Nc6 7. Be3 {Das ist
eine prinzipielle Variante, aber die kommt gewöhnlich mit der Zugfolge 4...Nc6
5.Nc3 Qc7 6.Be3 a6 7.Bd3. Statt der Partiefortsetzung 7.Nxc6 dxc6 (oder 7...
bxc6) kommt auch 8.0-0 in Betracht.} b5 8. O-O Bb7 9. Nxc6 Qxc6 10. a3 {
Weiß muss sich gegen b5-b4 verteidigen.} Nf6 11. Qe2 Be7 12. f4 h5 {Eine sehr
scharfe Fortsetzung. Stattdessen kann ich die ruhige Alternative 12...0-0
empfehlen (oder 12...b4!?, was auch interessant ist), in der Schwarz bessere
Ausgleichchancen hat.} (12... O-O 13. e5 $5 Nd5 14. Nxd5 Qxd5 15. c4 bxc4 16.
Bxc4 Qc6 17. Rac1 (17. b4 d6 18. exd6 Bxd6 19. Rac1 Rad8 20. Bb3 Qd7 21. Rcd1
Rfe8 22. Bb6 Rc8 23. Bd4 Qc6 24. Qg4 Bf8 25. Qg3 Rcd8 26. Be5 {1/2-1/2
Kotronias,V-Rublevsky,S/Silivri 89/(151) 2003/Inf 89 (26)}) (17. f5 Rfc8 18.
Bd3 Bc5 19. Bxc5 Qxc5+ 20. Kh1 exf5 21. Rxf5 g6 22. Rf6 Re8 23. Re1 a5 {
0-1 Petrushin,A-Zakhartsov,V/Rostov 89/151 2003/Inf 89/[Zakhartsov,V] (31)})
17... Bc5 18. Bxc5 Qxc5+ 19. Qf2 Qxf2+ 20. Rxf2 Rfb8 21. f5 $36 {1-0
Gagunashvili,M-Michiels,B/Amsterdam 91/158 2004/Inf 91/[Gagunashvili,M] (78)})
(12... b4 $5 13. axb4 Bxb4 14. Ra4 a5 15. Bb5 Qc7 16. e5 Nd5 17. Nxd5 Bxd5 18.
Bd3 O-O 19. c3 Be7 20. Bd4 g6 21. Be4 {1/2-1/2 Sprenger,J-Kveinys,A/Bad
Woerishofen GER 2003/ (21)}) 13. h3 $5 $146 {In ähnlichen Stellungen spielt
man gewöhnlich h2-h3, aber in unserer konkreten Stellung ist das eine
theoretische Neuerung. Weiß verteidigt sich gegen das Motiv Nf6-g4.} (13. e5
Ng4 14. Be4 (14. Bd4 Bc5 15. Bxc5 Qxc5+ 16. Kh1 Qe3 17. Qxe3 Nxe3 18. Rf2 Rc8
19. Be4 Bc6 20. Re2 Nc4 {0-1 Piesina,G-Damjanovic,M/It "Central Chess Club",
Vilnius (Lithu 1978 (89)}) 14... Qc7 15. Bxb7 Qxb7 16. h3 Nxe3 17. Qxe3 Qa7 18.
Qxa7 Rxa7 19. Ne4 Rc7 20. c3 Rc4 {1/2-1/2 Hobaica,J-Filgueira,H/Buenos Aires
ARG 2003/(20)}) 13... h4 {[%csl Yg3][%cal Gf6h5,Gh5g3,Gg3e2,Gg3f1] Schwarz
bereitet den Zug 14...Nh5 vor und zielt auf g3-Feld.} 14. Rf3 (14. e5 Nh5 $132
(14... Nd5 15. Nxd5 Qxd5 16. c4 bxc4 17. Bxc4 Qc6 18. Rac1 $36)) 14... b4 $6 (
14... Nh5 $5 {[%cal Gh5g3] Nach 13...h4 wäre das die konsequente Fortsetzung.})
15. axb4 Bxb4 16. Ra4 {[%mdl 4]} Bxc3 (16... a5 $142 17. Nb5 {[%csl Gb5]} (17.
Bb5 Qc7) 17... O-O (17... Nxe4 $2 18. Bxe4 Qxe4 19. Nc7+ $1 (19. Nd6+ Bxd6 20.
Rxe4 Bxe4 21. Rf1) 19... Ke7 20. Nxa8 Rxa8 21. c3 Qc6 22. Ra1 $16) 18. e5 (18.
c3 Bc5 19. e5 Nd5 20. Bxc5 Qxc5+ 21. Qf2 Qxf2+ 22. Rxf2 Bc6 $132) 18... Nd5 19.
Bd4 $14) 17. Rc4 {[%cal Rc4c6,Rc4c3]} Qxc4 (17... Qd6 18. bxc3 $16 {[%cal
Re4e5,Re5d6,Re5f6,Re3c5,Rc5d6]}) 18. Bxc4 Bxb2 {[%mdl 1024] Schwarz hat Turm,
Leichtfigur und Bauern gegen die Dame, was materiell ausreichender Ersatz wäre,
aber im Folgenden bekommt Weiß eine sehr starke Initiative.} 19. e5 $1 {
[%cal Gb7f3] Mit diesem Zug opfert Weiß die Qualität.} Bxf3 $6 (19... Nd5 20.
Bxd5 Bxd5 21. Rf1 $16 {Weiß hat Materialvorteil, aber Schwarz hat einige
Rettungchancen.}) 20. Qxf3 Nd5 21. Bxd5 exd5 22. Bc5 $1 {[%csl Re8] Nach
diesem Zug kann Schwarz nicht kurz rochieren, sein König steht offen im
Zentrum.} (22. Qxd5 O-O $132) 22... Rh6 $6 (22... Rc8 23. Qxd5 Rh6 24. Bd6 $16)
23. Qg4 $18 (23. Qg4 O-O-O (23... Rg6 24. Qxh4 $18) 24. Qxg7 Rc6 25. Be7 $18)
1-0

[Event "FIDE-Wch k.o."]
[Site "Groningen"]
[Date "1997.12.16"]
[Round "3.3"]
[White "Shirov, Alexei"]
[Black "Milos, Gilberto"]
[Result "1/2-1/2"]
[WhiteElo "2700"]
[BlackElo "2590"]
[Annotator "Ribli,Z"]
[PlyCount "112"]
[EventDate "1997.12.09"]
[EventType "k.o."]
[EventRounds "7"]
[EventCountry "NED"]
[SourceTitle "CBM 063"]
[Source "ChessBase"]
[SourceDate "1998.03.26"]
[SourceVersion "1"]
[SourceVersionDate "1998.03.26"]
[SourceQuality "1"]

1. e4 {Ribli} c5 2. Nf3 e6 3. d4 cxd4 4. Nxd4 Nc6 5. Nc3 Qc7 6. Be3 a6 7. Bd3 {
Eine prinzipielle Entscheidung von Weiß. Statt 7.Be2 wählt er eine aktivere
Läuferentwicklung.} Nf6 8. O-O Ne5 {Nach meiner persönliche Meinung ist dieser
Zug besser als seine Alternativen. Schwarz hat auch eine Drohung: 9...Neg4.} (
8... b5) (8... Nxd4 9. Bxd4 Bc5) (8... h5) 9. h3 (9. Be2 Bc5 $5 (9... b5 10. f4
Nc4 11. Bxc4 Qxc4 12. e5 Nd5) 10. f4 d6 $1 11. fxe5 dxe5 $13) 9... Bc5 10. Qd2
(10. f4) 10... d6 11. f4 Ng6 {Eine Hauptidee des schwarzen Systems ist, den
Weißen zu f4-f5 zu provozieren, um den Springer stark nach e5 stellen zu
können.} 12. Kh1 O-O 13. Rae1 (13. Rf3 e5 14. Nde2 Bxe3 15. Qxe3 Qc5 16. Qd2
exf4 17. Nxf4 Qg5 {= Polgar,J-Portisch,L/Praha 1995 (28)}) (13. a3 Bd7 14. Nce2
Ne7 15. Bf2 e5 16. fxe5 dxe5 17. Bg3 Nh5 {1/2-1/2 Relange,E-Horvath,J/Paris op
1995 (46)}) 13... Bd7 {Diese Läuferentwicklung scheint mir besser zu sein als
13...b5 mit der Idee ...Bb7. In dieser Variante muß Schwarz den Läufer auf der
Diagonalen c8-h3 behalten und so weiße Angriffsmöglichkeiten vermeiden.} 14.
Nf3 (14. Bg1 Rad8 15. e5 {1/2-1/2 Topalov,V-Haba,P/Budapest zt-B 1993}) (14. f5
Ne5 {[%csl Ge5]}) 14... Bxe3 $1 $146 {Es ist interessant, daß dieser
natürliche Läufertausch eine theoretische Neuerung darstellt.} (14... Nh5 15.
Ne2 e5 16. f5 Ngf4 17. Bxf4 exf4 18. Nxf4 Ng3+ 19. Kh2 Nxf1+ 20. Rxf1 Qd8 21.
Nh5 Re8 22. f6 $40 {Hector,J-Sadler,M/Koge op 1997/1/2-1/2 (70)}) 15. Qxe3 e5
16. f5 Ne7 (16... Nf4 $5 17. Ne2 (17. g3 Nxd3 18. cxd3 (18. Qxd3 $6 Bc6 19. g4
Rad8 20. g5 d5 $13 (20... Nh5 $15)) 18... Bc6 (18... d5 $6 19. exd5 (19. Nxd5
Nxd5 20. exd5 Bxf5 21. g4 $16) 19... Bxf5 20. g4 $16) 19. g4 d5 $13 {[%cal
Gc6h1]}) 17... Nxd3 18. cxd3 $14) 17. g4 Bc6 (17... h6 $2 18. g5 $40) 18. Nd2 (
18. g5 Nh5 $132 {[%cal Rh5g3,Rh5f4]}) 18... d5 $11 {Gewöhnlich hat Schwarz
seine Eröffnungsprobleme gelöst, wenn er im Sizilianer diesen Zug ausführen
kann.} 19. Qg3 (19. exd5 $2 Nexd5 20. Nxd5 Nxd5 $17 {[%cal Rc6h1]}) 19... dxe4
(19... d4 $6 20. Ne2 {Und wegen des geschlossenen Zentrums hat Weiß freie Hand
am Königsflügel.}) 20. Ncxe4 Nxe4 21. Nxe4 Nd5 (21... f6 $5 {Schwarz festigt
seine Stellung, der Zug f5-f6 droht nicht mehr.}) 22. Kh2 Nf4 (22... f6 23. Nc5
{[%cal Rc5e6]} Nf4 {[%cal Gf4e6]} 24. Bc4+ Kh8 25. Ne6 Nxe6 26. fxe6 $13) 23.
f6 Rad8 (23... g6 24. Qh4 $40 {[%csl Rg8,Gh4]}) 24. fxg7 (24. Qh4 Ng6) 24...
Kxg7 25. Qh4 Ng6 (25... f6 $2 26. Nxf6 $1 (26. Ng3) (26. g5) 26... Rxf6 27.
Qxh7+ Kf8 28. Qxc7 $18) 26. Qf6+ Kg8 27. Qg5 (27. h4 {[%cal Rh4h5]} Bxe4 $5 (
27... Qe7 28. Qxe7 (28. h5 Bxe4 29. Bxe4 Rd2+ 30. Kh1 Qxf6 31. Rxf6 $14) 28...
Nxe7 29. Nf6+ Kg7 30. Rxe5 Ng6 31. Bxg6 hxg6 32. Rf2 $14) 28. Rxe4 Rd6 $13)
27... Bxe4 28. Rxe4 Rd6 29. h4 f6 $13 {Schwarz wehrte den weißen Angriff ab
und es scheint, als habe auch Weiß seine Schwächen.} 30. Qh6 Qg7 31. Qxg7+ Kxg7
32. Kg3 (32. h5 $6 {wäre ein strategischer Fehler, denn Weiß kommt nicht mehr
zu g4-g5.} Nf4 $15) 32... Nf4 33. Re3 Nxd3 (33... Rfd8 34. Be4 R8d7 {[%csl Ge4,
Gf4]}) 34. cxd3 Rfd8 {[%csl Rd3][%cal Rd8d3]} 35. Rff3 h6 $6 (35... Kg6 $5 36.
g5 fxg5 37. hxg5 Kxg5 38. Rxe5+ Kg6 $15 {Theoretisch besitzt Schwarz etwas
bessere Chancen durch den gefährlichen h-Bauern. Aber im Doppelturmendspiel
ist Remis sehr wahrscheinlich.}) 36. g5 hxg5 37. hxg5 fxg5 38. Rxe5 Rxd3 $6 {
Nach diesem Reflexzug ist die Stellung natürlich noch immer remis, aber
Schwarz handelt sich einige Probleme ein, weil sein König weit vom
DFamenflügel entfernt steht.} (38... Kg6 $11) 39. Rxg5+ Kh6 40. Rg4 Rxf3+ 41.
Kxf3 $14 {[%cal Gg4g8,Gg4g1] Der schwarze König ist abgeschnitten. Daher muß
Schwarz sich das Remis noch etwas erarbeiten.} Rd2 42. Rb4 b5 43. Ke3 Rg2 44.
Kd4 {[%cal Rd4b6]} Rc2 $8 {Das ist die einzige Möglichkeit, das Eindringen des
weißen Königs zu verhindern.} 45. Kd3 Rg2 46. Kc3 Kg7 {Das ist präziser als 46.
..Kg6, denn in einigen Varianten hängt so der Bauer a6 nicht mit Schach.} (
46... Kg6 $6 47. a4 bxa4 48. Rxa4 Kf7 49. Rxa6 Ke7 $14) 47. a4 Rg3+ (47... bxa4
48. Rxa4 Rg6 $11) 48. Kc2 (48. Kd4 bxa4 $11 49. Rxa4 $4 Rg4+ $19) 48... Rg2+
49. Kb3 Rg3+ 50. Ka2 bxa4 $11 51. Rxa4 Rg6 52. Ka3 (52. Rf4 {[%cal Gf4f8]} Rf6
53. Rxf6 Kxf6 54. Ka3 Ke5 55. Ka4 Kd4 56. Ka5 Kc4 57. Kxa6 Kb3 $11) 52... Kf7 {
Natürlich strebt der schwarze König zum Damenflügel.} 53. Rc4 Ke7 54. Ka4 Kd7
55. Ka5 Rh6 (55... Rc6 $4 56. Rxc6 Kxc6 57. Kxa6 Kc5 58. Ka5 $18) 56. b4 Rg6 {
und remis. Weiß kann den symbolischen Vorteil hier nicht mehr realisieren.
Ribli.} 1/2-1/2

[Event "Linares 20th"]
[Site "Linares"]
[Date "2003.02.27"]
[Round "5"]
[White "Leko, Peter"]
[Black "Vallejo Pons, Francisco"]
[Result "1-0"]
[WhiteElo "2736"]
[BlackElo "2629"]
[Annotator "Ribli,Z"]
[PlyCount "85"]
[EventDate "2003.02.22"]
[EventType "tourn"]
[EventRounds "14"]
[EventCountry "ESP"]
[EventCategory "20"]
[SourceTitle "CBM 094"]
[Source "ChessBase"]
[SourceDate "2003.05.26"]
[SourceVersion "1"]
[SourceVersionDate "2003.05.26"]
[SourceQuality "1"]

{[%mdl 1]} 1. e4 {Ftacnik} c5 2. Nf3 Nc6 3. d4 cxd4 4. Nxd4 Qc7 5. Nc3 e6 6.
Be3 a6 7. Qd2 {Diese Variante ist sehr populär in der letzten Zeit. Weiß
moechte mit 0-0-0 und f3, g4 angreifen.} Nf6 8. O-O-O Bb4 9. f3 Ne5 10. Nb3 b5
(10... d5 $5) 11. Bd4 Be7 12. Qg5 $5 $146 {[%mdl 4] Ftacnik: 'Leko is trying
to push away the black knight from the centralized location and then quickly
exploit his slight development advantage.'  Dieser Zug ist als Motiv bekannt
in solchen Stellungen, aber in der konkreten Stellung ist das eine
theoretische Neuerung.} (12. Qf2 d6 13. Kb1 O-O 14. g4 Nfd7 15. f4 b4 16. Na4
Nxg4 17. Qg2 Ngf6 18. Bd3 e5 19. Rdg1 Ne8 {1/2-1/2 Vallejo Pons,F-Comas
Fabrego,L/Ayamonte 2002/CBM 92(19)}) (12. Kb1 d6 $5 (12... Bb7 13. Qg5 Ng6 14.
e5 Nd5 15. Nxd5 Bxd5 16. Qe3 Rc8 17. Bd3 O-O 18. h4 f6 19. exf6 Bxf6 20. h5 Ne5
21. h6 g6 {1/2-1/2 Korneev,O-Oms Pallise,J/Albacete 2000/CBM 78 ext (48)}) 13.
Qf2 O-O $5 14. g4 Nfd7 (14... b4 15. Na4 Bb7 16. Rg1 $5 Nfd7 $1 17. Nb6 Rab8
18. g5 Rfd8 (18... a5 $5) 19. Nxd7 Nxd7 20. h4 $14 {1-0 Leko,P-Lutz,C/Essen
2002/CBM 90/[Ribli] (62)}) 15. Rg1 Bb7 16. g5 Rfc8 17. a3 Nc4 18. Bxc4 bxc4 19.
Nc1 Rab8 20. N1e2 Bc6 21. Ka1 Qa5 22. Na2 e5 23. Bc3 Qc7 24. Ng3 g6 25. Nf1 Nc5
{1-0 Kasparov,G-Ye Jiangchuan/Bled 2002/EXT 2003 (66)}) 12... Ng6 (12... Nc6 {
Ftacnik} 13. e5 Nxd4 14. Nxd4 b4 15. Nce2 Qa5 16. Kb1 h6 17. Qxg7 Rg8 18. Qxh6
Qxe5 19. h4 $16) 13. Qg3 Bd6 (13... Qxg3 14. hxg3 d6 15. Na5 $14) (13... d6 14.
h4 $36) (13... e5 {Ftacnik} 14. Be3 Bb7 15. Qf2 Bb4 16. Bb6 Qc8 17. Nd5 $13)
14. Qf2 {[%csl Rd6,Rg6] Endlich - über g5-g3 - steht die weiße Dame nun auf f2,
das wäre auch ohne 12.Qg5 möglich gewesen, aber der Unterschied ist groß: der
d6B steht unglücklich und der g6N steht passiver als auf e5.} Rb8 (14... Bxh2
15. g4 Bf4+ 16. Kb1 $44) (14... Bb7) (14... O-O {Ftacnik} 15. Bc5 (15. g3 Be5
16. f4 Bxd4 17. Qxd4 Bb7 $13) 15... Bf4+ 16. Kb1 d6 17. Bb6 Qb8 18. h4 h5 19.
g3 Be5 20. Bd4 $13) 15. Kb1 O-O (15... Bxh2 {Ftacnik} 16. g4 Bf4 17. Ne2 $36)
16. Bc5 $1 $14 {[%mdl 32] Es ist vorteilhaft für Weiß, den dunkelfarbigen
Läufer zu tauschen.} Bxc5 (16... Be7 17. Bxe7 Nxe7 18. Qc5 Qxc5 (18... Nc6 {
Ftacnik} 19. Nd4 Qe5 20. Qxe5 Nxe5 21. g4 $13) 19. Nxc5 $14) 17. Qxc5 Qxc5 {
'?!' Ftacnik. Ftacnik: 'Vallejo Pons must have got an impression, that white
cannot realisticly aspire for an advantage in the Sicilian endgame. The
structure of pawns on white squares and lesser coordination of pieces had to
warn him, that equalizing the game will not be easy.'} (17... Qb7 18. e5 Ne8
19. Bd3 $16) (17... Ne8 $5 {Ftacnik} 18. Qxc7 Nxc7 19. h4 b4 20. Na4 d5 21.
Nac5 Rd8 $13) 18. Nxc5 {[%csl Gc5] Weiß hat fühlbaren positionellen Druck am
Damenfluegel - besonders die dunklen Felder sind schwach in der schwarzen
Stellung.} Rb6 19. a4 $1 Rc6 (19... b4 20. a5 Rc6 21. N3a4 $14) (19... d6 20.
a5 Rc6 21. Nd3 Rc7 22. Nb4 {[%csl Gb4] Der Springer steht ausgezeichnet auf b4
und kontrolliert den schwarzen Damenfluegel.} Rd8 $14) 20. Nd3 bxa4 21. Nxa4 (
21. e5 Nd5 22. Nxd5 exd5 23. Nb4 Re6 $132) 21... d5 22. exd5 (22. e5 Nd7 23. f4
Bb7 24. g3 Rfc8 25. c3 f6 $132) 22... Nxd5 (22... exd5 $5 {Ftacnik} 23. Nb4 Rd6
24. Nc5 (24. c4 Bf5+ 25. Ka2 a5 26. Nxd5 Bc2 27. Ne7+ Nxe7 28. Rxd6 Bxa4 29.
Ra6 Bc2 30. Rxa5 Nc6 31. Ra3 Nb4+ 32. Ka1 Re8 33. b3 Kf8 34. Kb2 Re3 $13) 24...
a5 25. Nbd3 Re8 26. Nc1 Re3 $11) 23. Ndc5 {[%csl Gc5,Rc8] Der c5N steht aktiv
und es ist nicht leicht fuer Schwarz mit seinem Läufer ins Spiel zu kommen.}
Ne5 (23... Ne3 24. Rd3 Nxf1 25. Rxf1 $14) 24. Rd4 $1 {[%csl Gd4] Mit diesem
Zug aktiviert Weiß den Turm und spaeter er kann b2-b4 ziehen.} Nd7 25. Nxd7
Bxd7 {Endlich kommt der schwarze Läufer ins Spiel.} 26. Bc4 Nf6 (26... Ne3 27.
Bb3 (27. Bd3 $14 Rd8 {Ftacnik} 28. Re1 Nd5 (28... Nxg2 $2 29. Re2 $18) 29. c4
Nb4 30. Be4 $14) 27... Rc7 28. Re1 Nxg2 (28... Nf5 29. Rb4 $14 (29. Rd2 $14))
29. Re2 e5 30. Rxe5 $16) 27. Re1 $1 {[%cal Gd4d7,Ge1e5] Mit diesem Zug Weiß
bringt den Turm ins Spiel und die Moeglichkeit 27...e5 ist verhindert.} Rfc8 {
'?!' Ftacnik. Ftacnik: 'This schematic move is not solving anything and the
opponent will manage to occupy the dream squares with his own pieces.'} (27...
Rc7 {Ftacnik} 28. Nc3 Rb8 29. Kc1 $14) 28. Bd3 (28. Bb3 Kf8) 28... Kf8 29. Re5
$1 {[%csl Ga4,Gd3,Gd4,Ge5][%cal Ge5a5,Ga5a6] Die weißen Figuren stehen alle
sehr aktiv - die Drohung ist 30.Ra5.} R8c7 30. Ra5 $16 {[%csl Ra6]} Bc8 31. b4
$1 {[%csl Yc5][%cal Ga4c5] Großmeister Leko spielt diese Partie ausgezeichnet
- er verbessert stufenweise seine Stellung. Schwarz hat kein Gegenspiel, er
kann nur warten.} Nd5 32. Kb2 {[%csl Gb2][%cal Gb2b3] Nun kommt auch der weiße
König ins Spiel.} g6 (32... Ne3 33. Nc5 Nxg2 34. Bxa6 Bxa6 $16) 33. Kb3 {
Jetzt droht 34.c4, mit großem positionellen Uebergewicht.} Ne3 34. Nc5 {
Weiß beschaeftigt sich nicht mit dem g2-Bauern - der a6P ist sein Zielpunkt,
wonach sein b-Bauer stark wird.} Ra7 (34... Nxg2 35. Bxa6 Bxa6 36. Rxa6 Rxa6
37. Nxa6 Ra7 38. Nc5 $16) 35. g3 Ke7 36. f4 f6 37. Be4 Rb6 (37... Rcc7 38. Rd2
$16 {[%cal Gd2e2,Ge2e7]}) 38. c4 $18 {[%csl Ga5,Gb4,Gc4,Gc5,Gd4,Ge4] Ftacnik:
'After this move it is becoming obvious, that the defender did not manage to
cope with defensive tasks. White's positional advantage lays in the extent of
the control of the queenside squares complex.'  Die Aktivität der weißen
Figuren entscheidet die Partie.} e5 39. fxe5 fxe5 40. Rd3 Nf5 41. Na4 Re6 42.
b5 $1 Nd4+ 43. Kc3 {[%cal Gb5b6,Ge4d5,Gd5e6]} 1-0